[Event "JUG-chT"]
[Site "Novi Sad"]
[Date "2000.09.03"]
[Round "10"]
[White "Sakaev, Konstantin"]
[Black "Damljanovic, Branko"]
[Result "1/2-1/2"]
[WhiteElo "2627"]
[BlackElo "2559"]
[PlyCount "73"]
[EventDate "2000.08.24"]
[Source "www.chesslib.no"]
[SourceDate "2004.05.04"]

1. d4 Nf6 2. c4 d6 3. Nc3 Nbd7 4. e4 e5 5. d5 Be7 6. Be3 c6 7. f3 a6 8. Nh3 h5 9. Nf2 h4 10. Qd2 c5 11. Be2 Nf8 12. O-O-O Ng6 13. g3 Bd7 14. Kb1 Qa5 15. f4 b5 16. Bf3 Bd8 17. Rc1 bxc4 18. f5 Ne7 19. g4 Nc8 20. Rhg1 Nh7 21. g5 Nf8 22. Nfd1 Rb8 23. Bf2 Nb6 24. Ne3 Bb5 25. Be1 Bd7 26. Bd1 Nc8 27. Rg4 Qb4 28. Be2 h3 29. Nxc4 Qb7 30. Bd3 Bb5 31. Rc2 Bxc4 32. Bxc4 Ba5 33. Qd3 Ra8 34. Bf2 Nb6 35. Nd1 Nxc4 36. Qxc4 Qb5 37. Ne3 1/2-1/2

[Event "It (Open) Canada De Calatrava ESP"]
[Site "?"]
[Date "2006.04.16"]
[Round "8"]
[White "Damljanovic Branko"]
[Black "Campora Daniel Hugo"]
[Result "1-0"]
[WhiteElo "2615"]
[BlackElo "2552"]
[PlyCount "73"]
[EventDate "2006.??.??"]
[Source "www.chesslib.no"]
[SourceDate "2004.05.04"]

1. Nf3 Nf6 2. c4 d6 3. d4 c6 4. Nc3 Bg4 5. e4 Nbd7 6. Be2 e5 7. Be3 Be7 8. O-O O-O 9. d5 cxd5 10. cxd5 Bxf3 11. Bxf3 a6 12. g3 b5 13. a3 Qb8 14. Qe2 Rc8 15. Rfc1 Nc5 16. Bxc5 dxc5 17. a4 b4 18. Nd1 Ne8 19. h4 Nd6 20. Ne3 g6 21. Kg2 Bf8 22. Nc4 Nxc4 23. Qxc4 Bd6 24. h5 Ra7 25. Rh1 Bf8 26. Bd1 Qd6 27. a5 f5 28. hxg6 hxg6 29. Bc2 f4 30. Bd1 Rcc7 31. Bg4 Rh7 32. b3 Rxh1 33. Rxh1 fxg3 34. Be6+ Kg7 35. fxg3 Qd8 36. Qc1 g5 37. Rh5 1-0

[Event "New York Open"]
[Site "New York, NY USA"]
[Date "1989.??.??"]
[Round "8"]
[White "Gulko, Boris F"]
[Black "Lobron, Eric"]
[Result "1/2-1/2"]
[WhiteElo "2610"]
[BlackElo "2555"]
[PlyCount "35"]
[EventDate "1989.03.??"]
[Source "www.chesslib.no"]
[SourceDate "2004.05.04"]

1. d4 Nf6 2. c4 d6 3. Nc3 Nbd7 4. e4 e5 5. d5 Nc5 6. Qc2 a5 7. Nf3 Bg4 8. Be2 Be7 9. O-O O-O 10. Ne1 Bd7 11. Be3 Ng4 12. Bxg4 Bxg4 13. Nd3 Nxd3 14. Qxd3 f5 15. f3 fxe4 16. Nxe4 Bf5 17. Qe2 Qe8 18. Ng3 1/2-1/2

[Event "Olympiad"]
[Site "?"]
[Date "1992.??.??"]
[Round "?"]
[White "Kurajica Bojan"]
[Black "Gulko Boris F"]
[Result "0-1"]
[WhiteElo "2590"]
[BlackElo "2560"]
[PlyCount "100"]
[EventDate "1992.??.??"]
[Source "www.chesslib.no"]
[SourceDate "2004.05.04"]

1. d4 Nf6 2. Nf3 d6 3. c4 Nbd7 4. Nc3 g6 5. e4 e5 6. d5 Nc5 7. Qc2 a5 8. Be3 b6 9. b3 Bg7 10. Be2 O-O 11. O-O Ng4 12. Bg5 f6 13. Bc1 f5 14. Bg5 Bf6 15. Bxf6 Qxf6 16. Nd2 f4 17. Bxg4 Bxg4 18. f3 Bc8 19. a3 h5 20. b4 axb4 21. axb4 Rxa1 22. Rxa1 Na6 23. Qb2 g5 24. h3 Qg7 25. Kf2 g4 26. hxg4 hxg4 27. Ke2 gxf3+ 28. gxf3 Qg2+ 29. Kd3 Kg7 30. Ra4 Rh8 31. Qa2 Rh2 32. Ncb1 Qe2+ 33. Kc2 Qxf3 34. Rxa6 Qxe4+ 35. Kc1 Rh1+ 36. Kb2 Qd4+ 37. Kc2 Bf5+ 38. Kb3 Bxb1 39. Nxb1 Qd1+ 40. Qc2 Qxb1+ 41. Qxb1 Rxb1+ 42. Kc3 f3 43. Ra2 Rd1 44. Rf2 e4 45. Kc2 Rd3 46. Rh2 Kf6 47. Rh6+ Ke5 48. Rh7 Kd4 49. Rxc7 f2 50. Rf7 Rf3 0-1

[Event "Bar op"]
[Site "?"]
[Date "2003.??.??"]
[Round "7"]
[White "Pavlovic Milos"]
[Black "Damljanovic Branko"]
[Result "0-1"]
[WhiteElo "2560"]
[BlackElo "2587"]
[PlyCount "62"]
[EventDate "2003.??.??"]
[Source "www.chesslib.no"]
[SourceDate "2004.05.04"]

1. Nf3 d6 2. d4 Nf6 3. c4 g6 4. b3 a6 5. g3 b5 6. Bg2 Bg7 7. Bb2 O-O 8. O-O Bb7 9. Nbd2 Nbd7 10. Qc2 Rb8 11. Rab1 c5 12. d5 Re8 13. e4 e6 14. Bh3 e5 15. Ne1 Bc8 16. Nd3 h5 17. Bg2 h4 18. f4 hxg3 19. hxg3 Ng4 20. Rbe1 bxc4 21. Nxc4 Nb6 22. Nd2 a5 23. Nf3 Ba6 24. Bh3 c4 25. Bxg4 cxd3 26. Qd2 Nd7 27. Ng5 Nf6 28. Bh3 a4 29. fxe5 dxe5 30. bxa4 Bh6 31. Bc1 Nh7 0-1

[Event "Moscow RUS"]
[Site "?"]
[Date "2006.03.22"]
[Round "2.1"]
[White "Riazantsev Alexander"]
[Black "Vorobiov Evgeny E"]
[Result "1/2-1/2"]
[WhiteElo "2594"]
[BlackElo "2543"]
[PlyCount "43"]
[EventDate "2006.??.??"]
[Source "www.chesslib.no"]
[SourceDate "2004.05.04"]

1. d4 Nf6 2. c4 d6 3. Nc3 Nbd7 4. e4 e5 5. d5 Be7 6. Be3 O-O 7. f3 c6 8. Qd2 Qc7 9. Bd3 Nc5 10. Bc2 a5 11. Nge2 Bd7 12. O-O cxd5 13. exd5 Rfc8 14. Kh1 g6 15. f4 exf4 16. Bxf4 Bf8 17. Ng3 Ng4 18. h3 Ne5 19. Nce4 Nxe4 20. Nxe4 Bg7 21. Bg5 Nxc4 22. Qf4 1/2-1/2

[Event "Berlin"]
[Site "Berlin"]
[Date "1999.??.??"]
[Round "1"]
[White "Kengis, Edvins"]
[Black "Romanishin, Oleg M"]
[Result "1/2-1/2"]
[WhiteElo "2570"]
[BlackElo "2565"]
[PlyCount "56"]
[EventDate "1999.??.??"]
[Source "www.chesslib.no"]
[SourceDate "2004.05.04"]

1. Nf3 Nf6 2. c4 d6 3. d4 g6 4. g3 Bg7 5. Bg2 Bf5 6. Nc3 Ne4 7. Qb3 Nxc3 8. bxc3 Be4 9. O-O O-O 10. a4 Nc6 11. Nd2 Na5 12. Qa2 Bxg2 13. Kxg2 c5 14. Bb2 Rc8 15. d5 Qd7 16. Rab1 e5 17. Bc1 f5 18. Rb5 b6 19. Nb3 Nxc4 20. Nxc5 Rxc5 21. Rxc5 bxc5 22. Qxc4 Rb8 23. e4 fxe4 24. Qxe4 Qf5 25. Qc4 Qc2 26. Qg4 Qf5 27. Qc4 Qc2 28. Qg4 Qf5 1/2-1/2

[Event "Nassau-ch"]
[Site "?"]
[Date "2002.11.11"]
[Round "4"]
[White "Novikov Igor A"]
[Black "Bonin Jay R"]
[Result "1-0"]
[WhiteElo "2719"]
[BlackElo "2413"]
[PlyCount "99"]
[EventDate "2002.??.??"]
[Source "www.chesslib.no"]
[SourceDate "2004.05.04"]

1. d4 Nf6 2. c4 d6 3. Nc3 Nc6 4. e4 e5 5. d5 Ne7 6. f3 Ng6 7. Be3 Be7 8. Qd2 h6 9. g3 Nh5 10. Nh3 Bxh3 11. Bxh3 Bg5 12. O-O-O Bxe3 13. Qxe3 Qg5 14. Kd2 c6 15. Rhe1 a5 16. dxc6 bxc6 17. Kc2 Qxe3 18. Rxe3 Rd8 19. c5 dxc5 20. Rxd8+ Kxd8 21. Rd3+ Ke8 22. Rd6 Ne7 23. Na4 g6 24. Nxc5 f5 25. exf5 gxf5 26. Re6 Ng7 27. Rxe5 Kf7 28. Bf1 Rd8 29. Nb7 Rd7 30. Nxa5 Kf6 31. f4 Ne6 32. Bc4 Nd4+ 33. Kc3 h5 34. Nb3 Nf3 35. Re6+ Kg7 36. Re2 h4 37. Rf2 Ne1 38. Nd4 hxg3 39. hxg3 c5 40. Ne6+ Kf6 41. Nxc5 Rd1 42. Nb3 Nc8 43. Rd2 Rb1 44. Rd8 Ne7 45. Rf8+ Kg6 46. Rf7 Ng8 47. g4 Nh6 48. gxf5+ Nxf5 49. Rd7 Ne3 50. Bd3+ 1-0

[Event "Corr"]
[Site "?"]
[Date "1998.03.01"]
[Round "?"]
[White "Knobel Rolf (SWZ)"]
[Black "Trapl Jindrich"]
[Result "1/2-1/2"]
[WhiteElo "2571"]
[BlackElo "2556"]
[PlyCount "44"]
[EventDate "1998.??.??"]
[Source "www.chesslib.no"]
[SourceDate "2004.05.04"]

1. d4 d6 2. Nf3 Nf6 3. c4 c6 4. Nc3 Bg4 5. e4 Nbd7 6. Be2 e5 7. O-O Be7 8. Be3 O-O 9. d5 Qb8 10. b4 Rc8 11. Nd2 Bxe2 12. Nxe2 b5 13. dxc6 Rxc6 14. cxb5 Qxb5 15. a3 d5 16. exd5 Nxd5 17. Ne4 Rc4 18. N2g3 g6 19. Bc5 Bxc5 20. Nxc5 Rd4 21. Qe2 Qc6 22. Rfc1 Nf4 1/2-1/2

[Event "Minsk op"]
[Site "Minsk"]
[Date "1996.??.??"]
[Round "8"]
[White "Lutsko, Igor"]
[Black "Balashov, Yuri S"]
[Result "1/2-1/2"]
[WhiteElo "2560"]
[BlackElo "2560"]
[PlyCount "69"]
[EventDate "1996.??.??"]
[Source "www.chesslib.no"]
[SourceDate "2004.05.04"]

1. d4 Nf6 2. c4 d6 3. Nc3 Nbd7 4. e4 e5 5. Nge2 c6 6. f3 Be7 7. Be3 O-O 8. Qd2 a6 9. d5 cxd5 10. cxd5 b5 11. Ng3 Nb6 12. Bd3 Bd7 13. O-O Nc4 14. Bxc4 bxc4 15. b4 cxb3 16. axb3 Qb8 17. Ra3 Rc8 18. Rfa1 Bd8 19. Nge2 a5 20. Nd1 Qb7 21. Nb2 Bb5 22. Nc3 Ba6 23. Nba4 Nd7 24. Qe1 Rab8 25. Kh1 Nf8 26. Bd2 Ng6 27. g3 Qd7 28. Nd1 Qh3 29. Be3 Bg5 30. Ndc3 Bxe3 31. Qxe3 Bf1 32. Qf2 Bd3 33. Qe3 Bf1 34. Qf2 Bd3 35. Qe3 1/2-1/2

[Event "SVK-chT 0102"]
[Site "?"]
[Date "2002.??.??"]
[Round "11"]
[White "Ftacnik Lubomir"]
[Black "Stocek Jiri"]
[Result "1-0"]
[WhiteElo "2565"]
[BlackElo "2545"]
[PlyCount "89"]
[EventDate "2002.??.??"]
[Source "www.chesslib.no"]
[SourceDate "2004.05.04"]

1. Nf3 d6 2. d4 Nf6 3. c4 Bf5 4. Nc3 g6 5. d5 Bg7 6. Nd4 Bd7 7. e4 O-O 8. Be2 e5 9. Nb3 c6 10. Bg5 h6 11. Bh4 cxd5 12. cxd5 g5 13. Bg3 b5 14. Qb1 b4 15. Nd1 a5 16. h4 g4 17. h5 Na6 18. Ne3 Qc8 19. Nc4 Qc7 20. Ncxa5 Nc5 21. Nxc5 Qxc5 22. Nb3 Qb6 23. f3 Bb5 24. Bf2 Qa6 25. Bxb5 Qxb5 26. Nd2 Ra6 27. b3 Nxd5 28. exd5 e4 29. fxe4 f5 30. Qd1 Bxa1 31. Qxa1 g3 32. Be3 f4 33. Bd4 Rfa8 34. Qd1 Rxa2 35. Qg4+ Kf8 36. Qg7+ Ke8 37. Nc4 Qd7 38. Qh8+ Kf7 39. Qf6+ Kg8 40. Qg6+ Kf8 41. Qxh6+ Kg8 42. Qh8+ Kf7 43. Qg7+ Ke8 44. Qxd7+ Kxd7 45. Nb6+ 1-0

[Event "RUS-Cup"]
[Site "?"]
[Date "1998.??.??"]
[Round "3"]
[White "Poluljahov Aleksandr"]
[Black "Malaniuk Vladimir P"]
[Result "1/2-1/2"]
[WhiteElo "2505"]
[BlackElo "2600"]
[PlyCount "32"]
[EventDate "1998.??.??"]
[Source "www.chesslib.no"]
[SourceDate "2004.05.04"]

1. d4 Nf6 2. c4 d6 3. Nf3 Bf5 4. Nc3 g6 5. Nh4 Bd7 6. e4 e5 7. Nf3 Nc6 8. d5 Ne7 9. Be2 Bg7 10. O-O O-O 11. b4 Ne8 12. c5 Kh8 13. a4 Ng8 14. a5 a6 15. Nd2 f5 16. Nc4 Qe7 1/2-1/2

[Event "XXX Open"]
[Site "Andorra la Vella"]
[Date "2003.??.??"]
[Round "8"]
[White "Epishin, Vladimir"]
[Black "De la Villa Garcia, Jesus Maria"]
[Result "1-0"]
[WhiteElo "2640"]
[BlackElo "2465"]
[PlyCount "71"]
[EventDate "2003.07.05"]
[Source "Roberto Alvarez"]
[SourceDate "2003.07.21"]

1. d4 Nf6 2. c4 d6 3. Nc3 e5 4. dxe5 dxe5 5. Qxd8+ Kxd8 6. Nf3 Nfd7 7. g4 c6 8. b3 f6 9. Bb2 Nc5 10. Rg1 a5 11. g5 a4 12. O-O-O+ Ke8 13. b4 a3 14. Ba1 Ncd7 15. gxf6 gxf6 16. Ne4 Ra4 17. Bc3 c5 18. bxc5 Bxc5 19. e3 b6 20. Nh4 Bb7 21. Nxc5 Nxc5 22. Nf5 Bf3 23. Rd2 Nbd7 24. Rg3 Bc6 25. f4 Kd8 26. Nd6 Kc7 27. Rg7 Kb8 28. Bh3 Ra7 29. Bf5 h5 30. h4 Ka8 31. Ba1 Kb8 32. Kd1 Ka8 33. Ke2 Ba4 34. Nb5 Bxb5 35. cxb5 Rd8 36. fxe5 1-0

[Event "SCG First League m"]
[Site "?"]
[Date "2005.10.25"]
[Round "9"]
[White "Fontaine Robert"]
[Black "Markus Robert"]
[Result "1/2-1/2"]
[WhiteElo "2507"]
[BlackElo "2579"]
[PlyCount "76"]
[EventDate "2005.??.??"]
[Source "www.chesslib.no"]
[SourceDate "2004.05.04"]

1. d4 Nf6 2. c4 d6 3. Nf3 g6 4. g3 Bf5 5. Bg2 Qc8 6. Nc3 Bg7 7. O-O c6 8. Re1 Ne4 9. Qb3 Nxc3 10. bxc3 O-O 11. e4 Bg4 12. Rb1 b6 13. e5 Bxf3 14. Bxf3 dxe5 15. Ba3 Qc7 16. Rbd1 Nd7 17. Bxe7 Rfe8 18. d5 Rac8 19. Bd6 Qxd6 20. dxc6 Rxc6 21. Rxd6 Rxd6 22. Qa4 Rd8 23. Qxa7 Nc5 24. Bd5 R8d7 25. Qa3 Bf6 26. Re2 Kg7 27. h4 h5 28. Qb2 Ra7 29. Qb5 Kf8 30. Qb1 Kg7 31. Kg2 Na4 32. Qc1 Nc5 33. Qe3 Re7 34. Rb2 e4 35. Rb4 Ra7 36. Qf4 Rad7 37. Qe3 Ra7 38. Qf4 Rad7 1/2-1/2

[Event "Novotel Open "]
[Site "Budapest"]
[Date "2004.08.26"]
[Round "8"]
[White "Erdos, Viktor"]
[Black "Krasenkow, Michal"]
[Result "0-1"]
[WhiteElo "2454"]
[BlackElo "2632"]
[PlyCount "100"]
[EventDate "2004.08.19"]
[Source "Roberto Alvarez"]
[SourceDate "2004.09.21"]

1. d4 d6 2. Nf3 Nf6 3. c4 c6 4. Nc3 Bf5 5. Nh4 Bg6 6. g3 e5 7. Bg2 Be7 8. Nxg6 hxg6 9. e3 Na6 10. Rb1 Nc7 11. b4 a6 12. a4 exd4 13. exd4 d5 14. c5 Qd7 15. h4 Ne6 16. Be3 Nh5 17. Ne2 f5 18. Qd2 O-O 19. Bh3 Bd8 20. O-O Bc7 21. f4 Rfe8 22. Rfe1 Nf6 23. Nc3 b6 24. cxb6 Bxb6 25. Kh2 Nd8 26. Bg1 Nf7 27. Bf1 Nd6 28. Rxe8+ Qxe8 29. Rc1 a5 30. b5 Rc8 31. Re1 Qd7 32. bxc6 Qxc6 33. Re6 Kf7 34. Bb5 Qc7 35. Qe2 Qxc3 36. Rxd6 Ne4 37. Rd7+ Kg8 38. Bd3 Qc6 39. Bb5 Qc3 40. Bd3 Bxd4 41. Rxd5 Bxg1+ 42. Kxg1 Nxg3 43. Qe6+ Kh8 44. Bc4 Rb8 45. Rb5 Ra8 46. Rb7 Qf3 47. Re7 Qh1+ 48. Kf2 Ne4+ 49. Ke3 Qg1+ 50. Kd3 Qd1+ 0-1

[Event "Heitmann Memorial"]
[Site "Heitmann Memorial"]
[Date "1990.??.??"]
[Round "?"]
[White "Smit, Dick"]
[Black "Lekander, Rolf Ake"]
[Result "0-1"]
[WhiteElo "2515"]
[BlackElo "2570"]
[PlyCount "84"]
[EventDate "1990.??.??"]
[Source "www.chesslib.no"]
[SourceDate "2004.05.04"]

1. d4 Nf6 2. c4 d6 3. Nc3 Nbd7 4. e4 e5 5. d5 Be7 6. g3 c6 7. Bg2 a6 8. Nge2 cxd5 9. cxd5 b5 10. O-O O-O 11. h3 b4 12. Na4 Nb6 13. Nxb6 Qxb6 14. Be3 Qb7 15. f4 Bd7 16. Qd2 Rfc8 17. b3 Bd8 18. Kh2 a5 19. Rac1 Bb5 20. Rfe1 Qa6 21. fxe5 dxe5 22. Qb2 Bd3 23. Rxc8 Rxc8 24. Rc1 h6 25. Kg1 Rc7 26. Qxe5 Bxe4 27. Qb2 Bxg2 28. Rxc7 Bxc7 29. Kxg2 Nxd5 30. Bf2 Qd3 31. Nd4 Nc3 32. Nf3 Qe2 33. Qxe2 Nxe2 34. Nd2 Nc3 35. Kf3 f5 36. Ke3 Nxa2 37. Kd3 Kf7 38. Kc4 Nc3 39. Kc5 Ne4+ 40. Nxe4 fxe4 41. g4 Bb6+ 42. Kxb6 a4 0-1

[Event "FRA-ch"]
[Site "Narbonne"]
[Date "1997.08.29"]
[Round "14"]
[White "Vaisser, Anatoli"]
[Black "Relange, Eloi"]
[Result "1-0"]
[WhiteElo "2575"]
[BlackElo "2505"]
[PlyCount "81"]
[EventDate "1997.08.15"]
[Source "ChessBase"]
[SourceDate "1997.11.23"]

1. d4 Nf6 2. c4 d6 3. Nc3 Nbd7 4. e4 e5 5. d5 g6 6. Bd3 Bg7 7. Nge2 O-O 8. f3 Nh5 9. Be3 f5 10. Qd2 Nc5 11. Bc2 fxe4 12. Nxe4 Nxe4 13. Bxe4 Nf4 14. Nc3 a6 15. g3 Nh5 16. O-O Bh3 17. Rf2 Qe7 18. Bd3 c6 19. Bf1 Bxf1 20. Raxf1 Nf6 21. Bg5 Qc7 22. Rd1 c5 23. a4 Qb6 24. Bxf6 Bxf6 25. Ne4 Be7 26. Qc3 Qc7 27. b4 cxb4 28. Qxb4 a5 29. Qb5 Rac8 30. c5 Rcd8 31. Rb2 dxc5 32. Qxb7 Qxb7 33. Rxb7 Rf7 34. Kg2 c4 35. d6 Bf8 36. Rb5 c3 37. Rc5 Rb7 38. Rc7 Rxc7 39. dxc7 Rc8 40. Rd7 Be7 41. Nxc3 1-0

[Event "32nd TCh-GRE"]
[Site "Kallithea Chalkidiki"]
[Date "2003.07.09"]
[Round "7"]
[White "Hellsten, Johan"]
[Black "Hickl, Joerg"]
[Result "1/2-1/2"]
[WhiteElo "2511"]
[BlackElo "2560"]
[PlyCount "87"]
[EventDate "2003.07.04"]
[Source "Roberto Alvarez"]
[SourceDate "2003.07.14"]

1. d4 d6 2. Nf3 Nf6 3. c4 c6 4. Nc3 Nbd7 5. Bg5 h6 6. Bh4 a6 7. e3 b5 8. Nd2 e6 9. Be2 Be7 10. O-O O-O 11. a3 bxc4 12. Nxc4 d5 13. Nd2 a5 14. Na4 c5 15. Bxf6 gxf6 16. e4 dxe4 17. Nxe4 cxd4 18. Qxd4 f5 19. Nec3 Nc5 20. Qe3 Nxa4 21. Nxa4 Bg5 22. f4 Bf6 23. Rad1 Qe7 24. Nb6 Rb8 25. Nc4 Ba6 26. Ne5 Bxe2 27. Qxe2 Rfd8 28. h3 Rxd1 29. Rxd1 Rd8 30. Rxd8+ Qxd8 31. Qe3 a4 32. Qa7 Qd1+ 33. Kh2 Bxe5 34. fxe5 Qe2 35. Qd4 Kg7 36. Qc3 Kh7 37. Qc7 Kg6 38. Qc3 f4 39. Qd4 Qe3 40. Qxa4 Qxe5 41. Qc2+ f5 42. Qf2 Kf7 43. a4 f3+ 44. Qg3 1/2-1/2

[Event "Nice"]
[Site "?"]
[Date "1991.??.??"]
[Round "?"]
[White "Varga, Z."]
[Black "Dorfman, I."]
[Result "1-0"]
[WhiteElo "2470"]
[BlackElo "2600"]
[PlyCount "143"]
[EventDate "1991.??.??"]
[Source "www.chesslib.no"]
[SourceDate "2004.05.04"]

1. d4 Nf6 2. c4 d6 3. Nc3 Nbd7 4. e4 e5 5. d5 Be7 6. Nge2 g6 7. g3 c6 8. Bg2 a6 9. O-O cxd5 10. cxd5 O-O 11. a4 a5 12. Rb1 Nc5 13. Be3 Na6 14. Qb3 Nd7 15. Qc4 Ndc5 16. f4 Bd7 17. fxe5 dxe5 18. Bh6 Qb6 19. Bxf8 Bxf8 20. Kh1 Nb4 21. Rbd1 Rc8 22. d6 Be6 23. d7 Rd8 24. Nd5 Nxd5 25. exd5 Bxd7 26. Nc3 Qb4 27. Qe2 Bg7 28. Qf2 f5 29. d6 Nxa4 30. Nd5 Qxd6 31. Qd2 Qf8 32. b3 Nc5 33. Nb6 Bf6 34. Qxa5 Be6 35. Nd5 Bxd5 36. Bxd5+ Kg7 37. b4 Na6 38. Bxb7 Rxd1 39. Rxd1 Nxb4 40. Rd7+ Kh6 41. Qc7 Qg8 42. Qc1+ g5 43. Qf1 Kg6 44. g4 Qe6 45. Rc7 h5 46. gxf5+ Qxf5 47. Qe2 Nd3 48. Bc8 Qf4 49. Qxd3+ e4 50. Qc4 Qf3+ 51. Kg1 Qe3+ 52. Kf1 Qf3+ 53. Ke1 Qe3+ 54. Kd1 Qg1+ 55. Kc2 Qxh2+ 56. Kb3 Qb2+ 57. Ka4 Qa1+ 58. Kb5 Qb2+ 59. Kc5 Qc3 60. Qxc3 Bxc3 61. Kd5 Bf6 62. Kxe4 g4 63. Rc5 Be7 64. Rb5 Bd8 65. Bd7 Kh6 66. Kf5 g3 67. Bc6 h4 68. Kg4 Bf6 69. Be4 Kg7 70. Rb7+ Kf8 71. Bg2 Ke8 72. Kf5 1-0

[Event "New York Open"]
[Site "New York, NY USA"]
[Date "1988.??.??"]
[Round "?"]
[White "Petursson, Margeir"]
[Black "Damljanovic, Branko"]
[Result "1-0"]
[WhiteElo "2540"]
[BlackElo "2525"]
[PlyCount "117"]
[EventDate "1988.03.??"]
[Source "www.chesslib.no"]
[SourceDate "2004.05.04"]

1. d4 Nf6 2. c4 d6 3. Nc3 Nbd7 4. e4 e5 5. d5 c6 6. Be3 Be7 7. f3 a6 8. Bd3 O-O 9. Nge2 cxd5 10. cxd5 b5 11. b4 Nb6 12. a4 bxa4 13. Nxa4 Nxa4 14. Rxa4 Rb8 15. Qd2 Qd7 16. Ra3 Ne8 17. O-O Nc7 18. Nc1 Nb5 19. Ra2 Bd8 20. Nb3 f5 21. exf5 Qf7 22. Be4 Bxf5 23. Bxf5 Qxf5 24. Rxa6 e4 25. f4 Bf6 26. Rc6 h5 27. Na5 h4 28. h3 Rf7 29. Rfc1 Kh7 30. Nc4 Rd7 31. Kh1 Rdd8 32. Nb6 Rb7 33. Qd1 Ra7 34. Qg4 g6 35. Nc4 Rg7 36. Bb6 Qxg4 37. hxg4 Rdd7 38. Ne3 Rgf7 39. g5 Bb2 40. Rf1 Bd4 41. Bxd4 Nxd4 42. Ng4 Rde7 43. Rxd6 e3 44. Re1 e2 45. Rf6 Kg7 46. Rxf7+ Rxf7 47. Nf6 Rb7 48. d6 Rxb4 49. d7 Rb8 50. Kg1 Kf7 51. Kf2 Rd8 52. Rc1 Rb8 53. Rc8 Rb1 54. Rf8+ Kg7 55. Rg8+ Kf7 56. d8=N+ Ke7 57. Re8+ Kd6 58. Nf7+ Kc5 59. Rc8+ 1-0

[Event "YUG team ch."]
[Site "?"]
[Date "2002.??.??"]
[Round "?"]
[White "Damljanovic Branko"]
[Black "Markovic Miroslav"]
[Result "1/2-1/2"]
[WhiteElo "2535"]
[BlackElo "2530"]
[PlyCount "146"]
[EventDate "2002.??.??"]
[Source "www.chesslib.no"]
[SourceDate "2004.05.04"]

1. d4 Nf6 2. Nf3 d6 3. c4 c6 4. Nc3 g6 5. e4 Bg7 6. Be2 O-O 7. O-O Na6 8. Be3 Bg4 9. h3 Bxf3 10. Bxf3 e5 11. d5 c5 12. a3 Ne8 13. Be2 b6 14. Qd2 Nb8 15. g4 Nd7 16. Kg2 Qe7 17. Rh1 Kh8 18. Rag1 f5 19. exf5 gxf5 20. gxf5 e4 21. Kf1 Ne5 22. Qc2 Nf3 23. Bxf3 exf3 24. Rg3 Qh4 25. Qe4 Qxe4 26. Nxe4 Bxb2 27. Rhg1 Nf6 28. Nxf6 Rxf6 29. Rxf3 Raf8 30. a4 Rxf5 31. Rxf5 Rxf5 32. Ke2 Rh5 33. Rg3 Rh4 34. f4 Rh5 35. Kf3 Rf5 36. Rg2 Bg7 37. Bd2 Rf7 38. Re2 Kg8 39. Re6 Rf6 40. Ke4 Rh6 41. Rxh6 Bxh6 42. Kf5 Kf7 43. Be1 Bg7 44. Bh4 Bc3 45. Bg5 Bd2 46. h4 Be1 47. h5 Bd2 48. Bh4 Bc1 49. Bg3 Bb2 50. Kg5 Kg7 51. Kf5 Kf7 52. Bh4 Bc3 53. Bd8 Bd2 54. Bg5 Bc1 55. Ke4 Bb2 56. Ke3 Bc1+ 57. Ke4 Bb2 58. Bd8 Bc3 59. Bh4 Bf6 60. Be1 Bb2 61. Bd2 Kf6 62. Be1 Kf7 63. Kf5 Bf6 64. Bd2 Bb2 65. Be1 Bf6 66. Bg3 Bc3 67. Kg5 Kg7 68. f5 Bf6+ 69. Kg4 Be7 70. Bf4 Kf7 71. Kf3 Kf6 72. Ke4 Bf8 73. Bd2 Be7 1/2-1/2

[Event "XV op"]
[Site "Ljubjana"]
[Date "2004.07.15"]
[Round "8"]
[White "Ivanisevic, Ivan"]
[Black "Dizdarevic, Emir"]
[Result "1-0"]
[WhiteElo "2544"]
[BlackElo "2520"]
[PlyCount "69"]
[EventDate "2004.07.10"]
[Source "Roberto Alvarez"]
[SourceDate "2003.08.04"]

1. d4 Nf6 2. c4 d6 3. Nc3 e5 4. d5 Bf5 5. g3 Be7 6. Bg2 O-O 7. e4 Bd7 8. Nge2 c6 9. h3 cxd5 10. exd5 Ne8 11. b3 a5 12. O-O a4 13. Be3 axb3 14. axb3 Rxa1 15. Qxa1 Na6 16. Qa3 Bg5 17. f4 exf4 18. Nxf4 Qe7 19. Bf2 Bxf4 20. gxf4 Qf6 21. b4 Qg6 22. Ne4 Nac7 23. Ng3 Qh6 24. f5 Qh4 25. Qd3 b5 26. c5 Qxb4 27. c6 Bc8 28. Bb6 Qh4 29. Ne4 b4 30. Qd2 Qe7 31. f6 gxf6 32. Nxf6+ Nxf6 33. Qg5+ Kh8 34. Bd4 Nce8 35. Rxf6 1-0

[Event "Moscow GM3"]
[Site "Moscow"]
[Date "1996.??.??"]
[Round "?"]
[White "Filippov, Valerij"]
[Black "Saltaev, Mihail"]
[Result "0-1"]
[WhiteElo "2530"]
[BlackElo "2530"]
[PlyCount "130"]
[EventDate "1996.??.??"]
[Source "www.chesslib.no"]
[SourceDate "2004.05.04"]

1. Nf3 Nf6 2. c4 d6 3. d4 Nbd7 4. Nc3 g6 5. Bg5 h6 6. Bh4 g5 7. Bg3 Nh5 8. e3 Bg7 9. Bd3 e6 10. Qc2 Ndf6 11. O-O-O Bd7 12. Kb1 Nxg3 13. hxg3 Qe7 14. Nd2 Bc6 15. f3 b6 16. g4 Bb7 17. Nde4 Nxe4 18. Bxe4 c6 19. d5 exd5 20. cxd5 c5 21. Bf5 Kd8 22. e4 a6 23. g3 Kc7 24. f4 Rad8 25. Qb3 b5 26. Rd2 Kb8 27. a4 b4 28. Nd1 Bc8 29. Qd3 Bxf5 30. gxf5 gxf4 31. gxf4 Bd4 32. Re2 Ka7 33. Ne3 Bxe3 34. Rxe3 Rdg8 35. e5 Rg2 36. f6 Qd8 37. Rhe1 Re8 38. Qh7 Qd7 39. b3 dxe5 40. Rxe5 Qxd5 41. Qc2 Rxe5 42. Rxe5 Rxc2 43. Rxd5 Rc3 44. Kb2 Kb6 45. Rd6+ Ka5 46. Rd5 Kb6 47. Rd6+ Ka5 48. Rd5 Rf3 49. Rxc5+ Kb6 50. Rc4 a5 51. Re4 Rf2+ 52. Kc1 Kc5 53. Kd1 Kd5 54. Re7 Kd4 55. Rxf7 Kc3 56. Ra7 Rxf4 57. Rxa5 Rxf6 58. Rb5 Kxb3 59. a5 Kc3 60. Rb6 Rf1+ 61. Ke2 Ra1 62. a6 h5 63. Rc6+ Kb2 64. Rb6 b3 65. Re6 Ra4 0-1

[Event "32nd olm Yerevan ARM"]
[Site "?"]
[Date "1996.??.??"]
[Round "?"]
[White "Sosonko, G."]
[Black "Minasian, Art"]
[Result "1/2-1/2"]
[WhiteElo "2520"]
[BlackElo "2540"]
[PlyCount "21"]
[EventDate "1996.??.??"]
[Source "www.chesslib.no"]
[SourceDate "2004.05.04"]

1. d4 d6 2. Nf3 Bg4 3. c4 Nd7 4. Nc3 c6 5. e4 e5 6. Be2 Ngf6 7. O-O Be7 8. Be3 O-O 9. Nd2 Bxe2 10. Qxe2 Ne8 11. Rab1 1/2-1/2

[Event "Junin tt IS"]
[Site "Junin tt IS"]
[Date "1987.??.??"]
[Round "?"]
[White "Nogueiras, Jesus"]
[Black "Cifuentes Parada, Roberto"]
[Result "1/2-1/2"]
[WhiteElo "2565"]
[BlackElo "2490"]
[PlyCount "90"]
[EventDate "1987.??.??"]
[Source "www.chesslib.no"]
[SourceDate "2004.05.04"]

1. d4 Nf6 2. c4 d6 3. Nc3 e5 4. dxe5 dxe5 5. Qxd8+ Kxd8 6. Nf3 Nfd7 7. Ng5 Ke8 8. f4 Na6 9. Bd2 exf4 10. O-O-O f6 11. Nf3 Bb4 12. Bxf4 Bxc3 13. bxc3 Kf7 14. e4 Re8 15. Bd3 Ne5 16. Nxe5+ fxe5 17. Be3 Bg4 18. Rdf1+ Kg8 19. c5 c6 20. Bc4+ Be6 21. Bb3 Rad8 22. Kc2 Nc7 23. Rb1 Rd7 24. Rb2 h6 25. Rbb1 Kf7 26. Rhf1+ Ke7 27. Bxe6 Nxe6 28. Rf5 g6 29. Rf3 h5 30. Rg3 Rg8 31. Rf1 Rdd8 32. Bg5+ Nxg5 33. Rxg5 Ke6 34. Rb1 Rd7 35. a4 Kf6 36. h4 Re8 37. a5 a6 38. Rf1+ Kg7 39. Rff5 Rde7 40. Rf3 Re6 41. Rd3 Kf7 42. Rf3+ Ke7 43. g4 hxg4 44. Rg3 Rh8 45. R3xg4 Kf7 1/2-1/2

[Event "XII GM"]
[Site "Lippstadt"]
[Date "2004.07.31"]
[Round "8"]
[White "Koneru, Humpy"]
[Black "Romanishin, Oleg M"]
[Result "1-0"]
[WhiteElo "2511"]
[BlackElo "2541"]
[PlyCount "81"]
[EventDate "2004.07.24"]
[Source "Roberto Alvarez"]
[SourceDate "2004.08.17"]

1. Nf3 Nf6 2. c4 d6 3. d4 g6 4. g3 Bg7 5. Bg2 Bf5 6. Nc3 Ne4 7. Nd5 c6 8. Ne3 Bd7 9. O-O O-O 10. Qc2 Nf6 11. b3 Qc8 12. Rd1 Bh3 13. Bh1 Na6 14. Ng5 Bd7 15. Bb2 Nc7 16. Rac1 Ne6 17. Nf3 Re8 18. Qb1 Bh6 19. d5 Nc5 20. Nd2 a5 21. Bd4 Bg7 22. Qb2 Qd8 23. f4 Nh5 24. Nf3 Qb6 25. Kf1 Bxd4 26. Qxd4 a4 27. Rb1 axb3 28. axb3 Ra3 29. g4 Ng7 30. b4 Na4 31. c5 dxc5 32. bxc5 Qxc5 33. Nc4 Ra2 34. Qxc5 Nxc5 35. Nfe5 Bc8 36. Nb6 Na4 37. dxc6 bxc6 38. Bxc6 Nxb6 39. Bxe8 Nxe8 40. Rd8 Kg7 41. Rxe8 1-0